Statistics for Eastern Europe Quiz

Click here to take the quiz!

General Stats

  • This quiz has been taken 47 times
  • The average score is 12 of 14

Answers on the Map

Answers color-coded by a green-red scale on the quiz's map according to % correct below.
 

Answer Stats

Answer% Correct
Finland
97%
Ukraine
94%
Estonia
88%
Lithuania
88%
Poland
88%
Romania
88%
Slovakia
85%
North Macedonia
82%
Bulgaria
79%
Hungary
79%
Latvia
79%
Moldova
79%
Serbia
79%
Belarus
71%

Score Distribution

Percentile by Number Answered

Percent of People with Each Score

Your Score History

You have not taken this quiz